000 00377nam a2200133Ia 4500
005 20260326100027.0
008 260326s9999||||xx |||||||||||||| ||und||
100 _aKneese, Eduardo A
245 0 _aEduardo Augusto Kneese de Mello :
_b 1906-1994 /
_cEduardo A Kneese
260 _bCentro Universitario Belas Artes de Sao
300 _a127 p.
650 _aARQUITECTOS
942 _cBK
999 _c6455
_d6455